• Bartolucci Rossella, Marabelli Fara

di Personal Name

Records bibliografici associati: 1

001 - CONTROL NUMBER

  • control field: 59641

003 - CONTROL NUMBER IDENTIFIER

  • control field:

005 - DATE AND TIME OF LATEST TRANSACTION

  • control field: 20230307151826.0

008 - FIXED-LENGTH DATA ELEMENTS

  • fixed length control field: 230307|| aca||aabn | a|a d

040 ## - CATALOGING SOURCE

  • Original cataloging agency:
  • Transcribing agency:

100 ## - HEADING--PERSONAL NAME

  • Personal name: Bartolucci Rossella, Marabelli Fara

670 ## - SOURCE DATA FOUND

  • Source citation: Work cat.: ()217547: Bartolucci Rossella, Marabelli Fara, Volando con le cicogne., 2004
CREDITS: SOCIETA' SAN PAOLO Via A.Severo, 58 - ROMA (RM) & PERIODICI SAN PAOLO SRL Via Giotto, 36 MILANO & CISF Via Giotto, 36 MILANO & EDIZIONI SAN PAOLO SRL,  Piazza Soncino, 5 CINISELLO BALSAMO (MI) -- ITALY